[Event "VL 2016/17"]
[Site "Mecklenburg/Vorpommern"]
[Date "2016.11.06"]
[Round "2.8"]
[White "Otto, Martin"]
[Black "Altenburg, Reiner"]
[Result "1/2-1/2"]
[WhiteElo "1818"]
[BlackElo "1680"]
[PlyCount "32"]
[EventType "team-tourn"]
[EventRounds "9"]
[SourceDate "2016.10.16"]
[WhiteTeam "SAV Torgelow"]
[BlackTeam "VT Ludwigslust"]

1. e4 c5 2. Nc3 Nc6 3. d3 Nf6 4. f4 d6 5. Nf3 e6 6. g3 Be7 7. Bg2 O-O 8. O-O a6
9. b3 Qb6 10. h3 Qc7 11. Ne2 Rb8 12. Bb2 b5 13. g4 Bb7 14. Ng3 Nd7 15. g5 Nd4
16. Bc1 d5 1/2-1/2

[Event "VL 2016/17"]
[Site "Mecklenburg/Vorpommern"]
[Date "2016.11.20"]
[Round "3.1"]
[White "Schmekel, Florian"]
[Black "Mehl, Ronald"]
[Result "1-0"]
[WhiteElo "1959"]
[BlackElo "2054"]
[PlyCount "111"]
[EventType "team-tourn"]
[EventRounds "9"]
[SourceDate "2016.10.16"]
[WhiteTeam "SAV Torgelow"]
[BlackTeam "FHSG Stralsund"]

1. d4 Nf6 2. c4 e6 3. Nf3 Bb4+ 4. Bd2 Qe7 5. g3 b6 6. Bg2 Bb7 7. O-O Bxd2 8.
Qxd2 d6 9. Nc3 O-O 10. Qc2 Nbd7 11. e4 Rfc8 12. e5 dxe5 13. dxe5 Ne8 14. Ng5
Qxg5 15. f4 Qe7 16. Bxb7 Qc5+ 17. Kg2 Qxc4 18. Bxa8 Rxa8 19. Qe4 Qxe4+ 20. Nxe4
f5 21. Rad1 Nf8 22. Nc3 Kf7 23. Nb5 a6 24. Nd4 c5 25. Nf3 Nc7 26. Rd6 Nd5 27.
Kf2 h6 28. Nh4 g6 29. Ng2 b5 30. Ne3 Ne7 31. Rfd1 g5 32. Rd8 Ra7 33. R1d6 c4
34. Rb8 Nd7 35. Rh8 Kg7 36. Rxe6 Ng8 37. Rxg8+ Kxg8 38. Nxf5 gxf4 39. Nxh6+ Kf8
40. gxf4 Nc5 41. Rf6+ Ke8 42. Ke3 Rd7 43. Nf5 Rd3+ 44. Ke2 c3 45. bxc3 Rxc3 46.
Rc6 Kd7 47. Nd4 b4 48. e6+ Ke8 49. Nf5 Nd3 50. Rxa6 Nxf4+ 51. Kd2 Rd3+ 52. Kc2
Rc3+ 53. Kb1 Ra3 54. Rb6 Nxe6 55. Rxe6+ Kf7 56. Re3 1-0

[Event "VL 2016/17"]
[Site "Mecklenburg/Vorpommern"]
[Date "2016.11.20"]
[Round "3.2"]
[White "Glawe, Hartmut"]
[Black "Ehlers, Michael"]
[Result "0-1"]
[WhiteElo "1939"]
[BlackElo "1881"]
[PlyCount "72"]
[EventType "team-tourn"]
[EventRounds "9"]
[SourceDate "2016.10.16"]
[WhiteTeam "FHSG Stralsund"]
[BlackTeam "SAV Torgelow"]

1. d4 Nf6 2. Bf4 e6 3. Nf3 c5 4. e3 b6 5. Nbd2 Bb7 6. c3 Be7 7. h3 O-O 8. Bd3
Re8 9. O-O h6 10. a4 d6 11. a5 Nbd7 12. a6 Bc6 13. Bh2 b5 14. c4 Rb8 15. Qe2 b4
16. e4 cxd4 17. Nxd4 Qb6 18. N2b3 Nc5 19. Nxc5 Qxc5 20. Nb3 Qg5 21. Ra5 e5 22.
Nd4 Bd7 23. f4 Qh5 24. Nf3 Bd8 25. Raa1 Bb6+ 26. Kh1 exf4 27. Bxf4 Rbd8 28. Bh2
Bc6 29. Rfe1 Nxe4 30. Bxe4 Rxe4 31. Qd3 Qg6 32. Qf1 Rde8 33. Red1 Bc5 34. Bg1
Re2 35. Bxc5 dxc5 36. Re1 Qc2 0-1

[Event "VL 2016/17"]
[Site "Mecklenburg/Vorpommern"]
[Date "2016.11.20"]
[Round "3.4"]
[White "Paulowitz, Bernd Rainer"]
[Black "Bress, Aaron"]
[Result "1/2-1/2"]
[WhiteElo "1892"]
[BlackElo "1670"]
[PlyCount "101"]
[EventType "team-tourn"]
[EventRounds "9"]
[SourceDate "2016.10.16"]
[WhiteTeam "FHSG Stralsund"]
[BlackTeam "SAV Torgelow"]

1. d4 d5 2. Nf3 Nf6 3. Bg5 h6 4. Bf4 e6 5. e3 c5 6. Bb5+ Bd7 7. Bxd7+ Nbxd7 8.
Nbd2 Be7 9. O-O O-O 10. h3 Rc8 11. c3 b5 12. Qe2 Qb6 13. a3 a5 14. g4 c4 15.
Ne5 Nxe5 16. Bxe5 Ra8 17. Bxf6 Bxf6 18. f4 b4 19. Rfb1 Qd6 20. Qf2 bxc3 21.
bxc3 Rfb8 22. Qe1 Rxb1 23. Qxb1 Rb8 24. Qa2 g5 25. Rf1 Rb6 26. e4 Be7 27. exd5
exd5 28. Qc2 Qe6 29. fxg5 Qe3+ 30. Kg2 Bxg5 31. Nf3 Rb3 32. Nxg5 hxg5 33. Rf3
Qe4 34. Qxe4 dxe4 35. Re3 Rxa3 36. d5 Ra2+ 37. Kg3 Rd2 38. Rxe4 Rd3+ 39. Kg2
Rxc3 40. d6 Rd3 41. Rxc4 Rxd6 42. Rc5 Ra6 43. Rxg5+ Kh7 44. Rf5 Kg6 45. Rf3 a4
46. Ra3 f5 47. Kg3 fxg4 48. Kxg4 Ra5 49. Kf4 Rh5 50. Kg3 Ra5 51. Kg4 1/2-1/2

[Event "VL 2016/17"]
[Site "Mecklenburg/Vorpommern"]
[Date "2016.11.20"]
[Round "3.5"]
[White "Onasch, Paul"]
[Black "Klepin, Wilfried"]
[Result "1-0"]
[WhiteElo "1943"]
[BlackElo "1831"]
[PlyCount "59"]
[EventType "team-tourn"]
[EventRounds "9"]
[SourceDate "2016.10.16"]
[WhiteTeam "SAV Torgelow"]
[BlackTeam "FHSG Stralsund"]

1. d4 d5 2. Nf3 c6 3. e3 Bf5 4. Bd3 Bg6 5. O-O f5 6. Ne5 Nd7 7. f4 Ngf6 8. Nd2
e6 9. Ndf3 Nxe5 10. Nxe5 Bd6 11. c4 O-O 12. Bd2 Ne4 13. Bxe4 Bxe5 14. Bd3 Bd6
15. b4 Qe7 16. c5 Bc7 17. b5 Be8 18. a4 Kh8 19. Qe2 Qh4 20. Qf2 Qh6 21. h4 Rf6
22. g3 Rg6 23. Qh2 Bd8 24. Kf2 Rxg3 25. Kxg3 Qg6+ 26. Kf2 Qg4 27. Rh1 Bh5 28.
Ke1 Qg6 29. Be2 Bxe2 30. Kxe2 1-0

[Event "VL 2016/17"]
[Site "Mecklenburg/Vorpommern"]
[Date "2016.11.20"]
[Round "3.6"]
[White "Giese, Lothar"]
[Black "Lehmann, Ruben"]
[Result "1-0"]
[WhiteElo "1795"]
[BlackElo "1940"]
[PlyCount "51"]
[EventType "team-tourn"]
[EventRounds "9"]
[SourceDate "2016.10.16"]
[WhiteTeam "FHSG Stralsund"]
[BlackTeam "SAV Torgelow"]

1. c4 e6 2. Nc3 Nf6 3. e4 d6 4. d4 Nbd7 5. Be3 g6 6. Nf3 Bg7 7. h3 O-O 8. Bd3
c5 9. d5 exd5 10. exd5 a6 11. Qd2 Re8 12. O-O Nh5 13. Bg5 f6 14. Bh6 Ne5 15.
Nxe5 fxe5 16. Bg5 Bf6 17. Bh6 g5 18. Qc2 Qe7 19. Bg6 hxg6 20. Qxg6+ Ng7 21. Ne4
Rf8 22. Bxg5 Bxg5 23. Nxg5 Bf5 24. Qh6 Rf6 25. Qh4 Rg6 26. Qh7+ 1-0

[Event "VL 2016/17"]
[Site "Mecklenburg/Vorpommern"]
[Date "2016.11.20"]
[Round "3.7"]
[White "Kasel, Alexander"]
[Black "Rickmann, Niklas"]
[Result "0-1"]
[WhiteElo "1707"]
[BlackElo "1711"]
[PlyCount "38"]
[EventType "team-tourn"]
[EventRounds "9"]
[SourceDate "2016.10.16"]
[WhiteTeam "SAV Torgelow"]
[BlackTeam "FHSG Stralsund"]

1. c4 g6 2. Nc3 Bg7 3. Nf3 d6 4. g3 e5 5. d3 f5 6. Bg2 Nf6 7. O-O O-O 8. Bd2
Nc6 9. Rb1 Be6 10. Qb3 Rb8 11. e3 h6 12. Qc2 Nb4 13. Qa4 Nxd3 14. Qxa7 Nc5 15.
Qa3 Bxc4 16. Rfc1 Nd3 17. Rc2 b5 18. Qa7 Ra8 19. Qb7 Nc5 0-1

[Event "VL 2016/17"]
[Site "Mecklenburg/Vorpommern"]
[Date "2016.11.20"]
[Round "3.8"]
[White "Isigkeit, Hans Juergen"]
[Black "Troemer, Felix"]
[Result "1/2-1/2"]
[WhiteElo "1518"]
[BlackElo "1632"]
[PlyCount "84"]
[EventType "team-tourn"]
[EventRounds "9"]
[SourceDate "2016.10.16"]
[WhiteTeam "FHSG Stralsund"]
[BlackTeam "SAV Torgelow"]

1. d4 Nf6 2. c4 g6 3. Nc3 Bg7 4. e4 d6 5. f3 O-O 6. Be3 c6 7. Nge2 Qc7 8. Nc1
e5 9. d5 Ne8 10. Nd3 f5 11. c5 Kh8 12. cxd6 Nxd6 13. Bc5 b6 14. Bxd6 Qxd6 15.
Qb3 fxe4 16. fxe4 Na6 17. O-O-O Nc5 18. Nxc5 Qxc5 19. dxc6 Qxc6 20. Bc4 Bb7 21.
Bb5 Qc8 22. Kb1 Qg4 23. Qc2 Rad8 24. a3 Qe6 25. Rxd8 Rxd8 26. Rd1 Rxd1+ 27.
Qxd1 Qe7 28. Qd7 Bf8 29. Qxe7 Bxe7 30. Bd3 Kg7 31. Kc2 Kf6 32. Nd5+ Bxd5 33.
exd5 Bc5 34. Be4 h6 35. Kd3 g5 36. g4 Ke7 37. a4 a5 38. b3 Bd4 39. Kc4 Kd6 40.
Bf5 Bg1 41. h3 Bd4 42. Be4 Bg1 1/2-1/2

[Event "VL 2016/17"]
[Site "Mecklenburg/Vorpommern"]
[Date "2016.11.20"]
[Round "3.1"]
[White "Littke, Helmut"]
[Black "Montag, Ralf"]
[Result "1/2-1/2"]
[WhiteElo "1967"]
[BlackElo "1918"]
[PlyCount "67"]
[EventType "team-tourn"]
[EventRounds "9"]
[SourceDate "2016.10.16"]
[WhiteTeam "ASV Wismar"]
[BlackTeam "VT Ludwigslust"]

1. d4 f5 2. g3 Nf6 3. c4 e6 4. Bg2 Bb4+ 5. Nd2 O-O 6. e3 Ne4 7. Ne2 d5 8. O-O
Bxd2 9. Bxd2 Nd7 10. Bb4 Rf7 11. Nf4 Nb6 12. c5 Nc4 13. b3 a5 14. Be1 Na3 15.
Qc1 Nb5 16. a4 Na7 17. Bxa5 g5 18. Nd3 Nc6 19. Be1 g4 20. f3 gxf3 21. Rxf3 Qg5
22. b4 h5 23. b5 Ne7 24. Ne5 Rg7 25. Rf4 Ng6 26. Nxg6 Rxg6 27. c6 e5 28. cxb7
Bxb7 29. dxe5 c6 30. h4 Qe7 31. Bxe4 fxe4 32. Qb2 cxb5 33. axb5 Rxa1 34. Qxa1
1/2-1/2

[Event "VL 2016/17"]
[Site "Mecklenburg/Vorpommern"]
[Date "2016.11.20"]
[Round "3.2"]
[White "Wiemer, Juergen"]
[Black "Kliewe, Hans Juergen"]
[Result "0-1"]
[WhiteElo "1952"]
[BlackElo "1963"]
[PlyCount "110"]
[EventType "team-tourn"]
[EventRounds "9"]
[SourceDate "2016.10.16"]
[WhiteTeam "VT Ludwigslust"]
[BlackTeam "ASV Wismar"]

1. e4 e6 2. d4 d5 3. Nd2 c5 4. exd5 exd5 5. Ngf3 Nc6 6. c3 cxd4 7. cxd4 Bd6 8.
Bb5 Nge7 9. O-O O-O 10. Nb3 Bg4 11. h3 Bh5 12. Bg5 Qb6 13. Be2 Rfe8 14. g4 Bg6
15. Nh4 a5 16. a4 Nb4 17. Nxg6 Nxg6 18. Bb5 Rf8 19. Qd2 h6 20. Be3 Qd8 21. f4
Qh4 22. Rf3 Qe7 23. Re1 Qe4 24. Qe2 Rfc8 25. Bc1 Na2 26. Rff1 Nxc1 27. Qxe4
dxe4 28. Rxc1 Nxf4 29. Rc3 Rxc3 30. bxc3 Nxh3+ 31. Kg2 Ng5 32. c4 b6 33. c5
bxc5 34. dxc5 Bc7 35. Rd1 Ne6 36. Rd7 Rd8 37. Kf2 g6 38. Rxd8+ Bxd8 39. Bd7
Nxc5 40. Nxc5 Bb6 41. Ke3 Bxc5+ 42. Kxe4 Kg7 43. Ke5 Bb4 44. Bc8 Bc3+ 45. Ke4
Kf6 46. Bd7 Kg5 47. Kf3 h5 48. gxh5 Kxh5 49. Be8 f6 50. Kf4 Kh6 51. Kg4 Be5 52.
Bd7 f5+ 53. Kh4 g5+ 54. Kh3 g4+ 55. Kh4 Bf6+ 0-1

[Event "VL 2016/17"]
[Site "Mecklenburg/Vorpommern"]
[Date "2016.11.20"]
[Round "3.3"]
[White "Stutz, Reno"]
[Black "Illgen, Alexander"]
[Result "1-0"]
[WhiteElo "1951"]
[BlackElo "1894"]
[PlyCount "81"]
[EventType "team-tourn"]
[EventRounds "9"]
[SourceDate "2016.10.16"]
[WhiteTeam "ASV Wismar"]
[BlackTeam "VT Ludwigslust"]

1. d4 d6 2. Nf3 Nf6 3. Nc3 g6 4. e4 Bg7 5. Be3 a6 6. Qd2 b5 7. Bd3 Bb7 8. Bh6
O-O 9. h4 b4 10. Nd5 Bxd5 11. exd5 Qc8 12. h5 Qg4 13. hxg6 fxg6 14. Bxg7 Kxg7
15. Qh6+ Kg8 16. O-O-O Rf7 17. Ng5 Rg7 18. Ne6 Rf7 19. Rdg1 Nxd5 20. Ng5 Qf4+
21. Kb1 Rg7 22. Bxg6 Nf6 23. Bxh7+ Rxh7 24. Qg6+ Rg7 25. Qxg7+ Kxg7 26. Ne6+
Kf7 27. Nxf4 Nc6 28. d5 Ne5 29. f3 Rb8 30. Rd1 Rb5 31. b3 c5 32. Nh5 Ne8 33.
Ng3 Nf6 34. Ne4 Rb8 35. Nxf6 Kxf6 36. Rde1 Rg8 37. Re2 a5 38. f4 Ng6 39. g3 a4
40. Re6+ Kf5 41. Rh5+ 1-0

[Event "VL 2016/17"]
[Site "Mecklenburg/Vorpommern"]
[Date "2016.11.20"]
[Round "3.4"]
[White "Krueger, Horst"]
[Black "Schulz, Bernd"]
[Result "1/2-1/2"]
[WhiteElo "1884"]
[BlackElo "1875"]
[PlyCount "43"]
[EventType "team-tourn"]
[EventRounds "9"]
[SourceDate "2016.10.16"]
[WhiteTeam "VT Ludwigslust"]
[BlackTeam "ASV Wismar"]

1. c4 e6 2. g3 d5 3. Bg2 Nf6 4. d4 c5 5. Nf3 Nc6 6. cxd5 Nxd5 7. O-O Be7 8. Nc3
Nxc3 9. bxc3 O-O 10. Rb1 Bf6 11. Ba3 Be7 12. Bxc5 Bxc5 13. dxc5 Qa5 14. Nd4
Qxc5 15. Nxc6 bxc6 16. Qd4 Qxd4 17. cxd4 Ba6 18. Bxc6 Bxe2 19. Rfe1 Rac8 20.
Be4 Bc4 21. Rb7 a6 22. Rb2 1/2-1/2

[Event "VL 2016/17"]
[Site "Mecklenburg/Vorpommern"]
[Date "2016.11.20"]
[Round "3.5"]
[White "Podolskiy, Alexander"]
[Black "Hilpert, Andreas"]
[Result "1/2-1/2"]
[WhiteElo "1871"]
[BlackElo "1787"]
[PlyCount "86"]
[EventType "team-tourn"]
[EventRounds "9"]
[SourceDate "2016.10.16"]
[WhiteTeam "ASV Wismar"]
[BlackTeam "VT Ludwigslust"]

1. e4 d6 2. d4 Nf6 3. Nc3 g6 4. Be3 c6 5. Qd2 Bg7 6. O-O-O Qa5 7. f3 O-O 8. g4
b5 9. Kb1 b4 10. Nce2 c5 11. h4 Nc6 12. Bh6 c4 13. Bxg7 Kxg7 14. c3 Rb8 15. h5
Rb6 16. hxg6 fxg6 17. cxb4 Qxb4 18. Qxb4 Nxb4 19. Nc3 Bb7 20. Rh2 d5 21. e5 Ne8
22. a3 Na6 23. Bg2 Nac7 24. Nge2 Rh8 25. f4 e6 26. Na4 Rb3 27. Nec3 Nb5 28.
Nxb5 Rxb5 29. Nc5 Bc8 30. Bh3 Nc7 31. Rg1 Na6 32. Nxa6 Bxa6 33. f5 c3 34. fxe6
Rb6 35. Bf1 Rxe6 36. bxc3 Rb8+ 37. Rb2 Rf8 38. Bxa6 Rxa6 39. Rb7+ Kg8 40. Ka2
Rf2+ 41. Kb3 Rf3 42. Rc7 Rb6+ 43. Ka4 Ra6+ 1/2-1/2

[Event "VL 2016/17"]
[Site "Mecklenburg/Vorpommern"]
[Date "2016.11.20"]
[Round "3.7"]
[White "Bahr, Enrico"]
[Black "Emmrich, Olaf"]
[Result "1/2-1/2"]
[WhiteElo "1827"]
[BlackElo "1767"]
[PlyCount "39"]
[EventType "team-tourn"]
[EventRounds "9"]
[SourceDate "2016.10.16"]
[WhiteTeam "ASV Wismar"]
[BlackTeam "VT Ludwigslust"]

1. d4 Nf6 2. Nf3 d5 3. Bf4 e6 4. e3 Bd6 5. Bxd6 Qxd6 6. c3 Nbd7 7. Nbd2 c5 8.
Bd3 a6 9. O-O b5 10. e4 dxe4 11. Nxe4 Nxe4 12. Bxe4 Rb8 13. Re1 O-O 14. Qe2 Nf6
15. Rad1 c4 16. Ne5 Nxe4 17. Qxe4 Bb7 18. Qg4 f6 19. Nf3 Bd5 20. a3 1/2-1/2

[Event "VL 2016/17"]
[Site "Mecklenburg/Vorpommern"]
[Date "2016.11.20"]
[Round "3.8"]
[White "Altenburg, Reiner"]
[Black "Pentzien, Volker"]
[Result "1/2-1/2"]
[WhiteElo "1680"]
[BlackElo "1792"]
[PlyCount "25"]
[EventType "team-tourn"]
[EventRounds "9"]
[SourceDate "2016.10.16"]
[WhiteTeam "VT Ludwigslust"]
[BlackTeam "ASV Wismar"]

1. d4 d5 2. Nf3 Nf6 3. c4 c6 4. cxd5 cxd5 5. Nc3 Nc6 6. Bg5 e6 7. e3 Be7 8. Bd3
h6 9. Bh4 O-O 10. O-O a6 11. Rc1 Bd7 12. a3 b5 13. Bb1 1/2-1/2

[Event "VL 2016/17"]
[Site "Mecklenburg/Vorpommern"]
[Date "2016.11.20"]
[Round "3.1"]
[White "Schwahn, Christian"]
[Black "Schinke, Andreas"]
[Result "0-1"]
[WhiteElo "1979"]
[BlackElo "2034"]
[PlyCount "90"]
[EventType "team-tourn"]
[EventRounds "9"]
[SourceDate "2016.10.16"]
[WhiteTeam "Greifswalder SV II"]
[BlackTeam "Grevesmuehlen "]

1. e4 d6 2. d4 g6 3. Nf3 Bg7 4. Nc3 Nf6 5. Be2 O-O 6. O-O c6 7. a4 a5 8. h3
Nbd7 9. Be3 e5 10. dxe5 dxe5 11. Ne1 Qe7 12. Nd3 Re8 13. Bf3 Nf8 14. Nb1 N6d7
15. Na3 Ne6 16. Nc4 c5 17. Nc1 b6 18. Ne2 Ba6 19. b3 Nd4 20. Nc3 Bb7 21. Nb5
Nxb5 22. axb5 Rad8 23. Qc1 f5 24. Rd1 Nf6 25. Nxb6 Nxe4 26. Bxe4 Bxe4 27. Rxd8
Qxd8 28. Nc4 f4 29. Bxc5 Qd5 30. Nd6 Bxg2 31. Nxe8 Bxh3 32. f3 Qxc5+ 33. Kh1
Qf2 34. Qg1 Qxf3+ 35. Kh2 Bd7 36. Qg2 Qh5+ 37. Kg1 Bxe8 38. Rxa5 f3 39. Qd2
Qg4+ 40. Kf1 Qh3+ 41. Kg1 Qg3+ 42. Kf1 Bh6 43. Qf2 Qh3+ 44. Ke1 Qh1+ 45. Qf1
Bd2+ 0-1

[Event "VL 2016/17"]
[Site "Mecklenburg/Vorpommern"]
[Date "2016.11.20"]
[Round "3.2"]
[White "Naujok, Joerg"]
[Black "Sowada, Christoph"]
[Result "1/2-1/2"]
[WhiteElo "1979"]
[BlackElo "1919"]
[PlyCount "79"]
[EventType "team-tourn"]
[EventRounds "9"]
[SourceDate "2016.10.16"]
[WhiteTeam "Grevesmuehlen "]
[BlackTeam "Greifswalder SV II"]

1. Nf3 f5 2. d3 d6 3. g3 g6 4. Bg2 Bg7 5. c3 c6 6. O-O Nh6 7. Ng5 O-O 8. a4 e5
9. Qb3+ Kh8 10. f4 Na6 11. a5 Nc7 12. e4 Qe7 13. Nd2 Ne6 14. Nh3 Ng4 15. Nc4
Nc5 16. Qc2 Nf6 17. b4 Na6 18. fxe5 dxe5 19. Ng5 Nh5 20. exf5 Bxf5 21. Ne4 Nf6
22. Bg5 Qe6 23. Ne3 Nxe4 24. dxe4 Bh3 25. Bxh3 Qxh3 26. Nc4 Qe6 27. Qe2 Nc7 28.
Rxf8+ Rxf8 29. Be3 a6 30. Bc5 Rd8 31. Rd1 Rd7 32. Nb6 Rxd1+ 33. Qxd1 Kg8 34.
Qd8+ Ne8 35. Qb8 Qf7 36. Nc8 Qc7 37. Qxc7 Nxc7 38. c4 Ne8 39. Kf2 Kf7 40. Nd6+
1/2-1/2

[Event "VL 2016/17"]
[Site "Mecklenburg/Vorpommern"]
[Date "2016.11.20"]
[Round "3.4"]
[White "Stiegler, Maik"]
[Black "Grehl, Tino"]
[Result "1/2-1/2"]
[WhiteElo "1930"]
[BlackElo "1843"]
[PlyCount "134"]
[EventType "team-tourn"]
[EventRounds "9"]
[SourceDate "2016.10.16"]
[WhiteTeam "Grevesmuehlen "]
[BlackTeam "Greifswalder SV II"]

1. d4 d5 2. c4 e6 3. Nc3 Nf6 4. Bg5 Be7 5. Nf3 O-O 6. e3 h6 7. Bh4 Ne4 8. Bxe7
Qxe7 9. Bd3 Nxc3 10. bxc3 dxc4 11. Bxc4 Nd7 12. O-O c6 13. a4 e5 14. a5 e4 15.
Nd2 Nf6 16. Qb3 Bf5 17. Be2 Rab8 18. c4 c5 19. d5 Qd6 20. h3 Rfe8 21. Nb1 Nd7
22. Nc3 Qg6 23. Kh1 Ne5 24. Qa3 b6 25. Rab1 Qg5 26. axb6 axb6 27. Qa7 Qf6 28.
Rb3 g5 29. g4 Bg6 30. Kg2 Nd3 31. Bxd3 Qf3+ 32. Kh2 exd3 33. Rxb6 Rxb6 34. Qxb6
d2 35. Qxc5 Bd3 36. Rg1 Qxf2+ 37. Rg2 Qf6 38. Qd4 Qxd4 39. exd4 Re2 40. c5 Kf8
41. d6 Ke8 42. Kg3 Rxg2+ 43. Kxg2 Bc2 44. Kf3 d1=Q+ 45. Nxd1 Bxd1+ 46. Ke4 Bc2+
47. Ke5 h5 48. Kf6 hxg4 49. hxg4 Bb3 50. Kxg5 Kd7 51. Kf6 Bc4 52. g5 Bb3 53.
Ke5 Kc6 54. d5+ Kd7 55. c6+ Kd8 56. d7 Kc7 57. Kd4 Bd1 58. Ke5 Bb3 59. d6+ Kd8
60. Kd4 Bd1 61. Ke5 Bb3 62. Kf6 Bc4 63. g6 fxg6 64. Kxg6 Bb5 65. c7+ Kxd7 66.
Kf6 Ba6 67. Ke5 Bb7 1/2-1/2

[Event "VL 2016/17"]
[Site "Mecklenburg/Vorpommern"]
[Date "2016.11.20"]
[Round "3.5"]
[White "Nauschuetz, Ernst"]
[Black "Wecke, Thoralf"]
[Result "1-0"]
[WhiteElo "1838"]
[BlackElo "1849"]
[PlyCount "83"]
[EventType "team-tourn"]
[EventRounds "9"]
[SourceDate "2016.10.16"]
[WhiteTeam "Greifswalder SV II"]
[BlackTeam "Grevesmuehlen "]

1. c4 d6 2. g3 e5 3. Nc3 f5 4. Nf3 Nf6 5. d4 e4 6. Nh4 Be7 7. e3 c5 8. Be2 O-O
9. d5 Nfd7 10. Ng2 Ne5 11. h4 Bf6 12. Bd2 Na6 13. a3 Nc7 14. b4 b5 15. cxb5 c4
16. Rc1 Nd3+ 17. Bxd3 cxd3 18. Nf4 Rb8 19. a4 a6 20. bxa6 Nxa6 21. Na2 Bd7 22.
b5 Nc5 23. Nb4 Qb6 24. Nc6 Ra8 25. Rc4 Nxa4 26. Rxa4 Qxb5 27. Rb4 Qc5 28. O-O
Ra2 29. Rb7 Bc8 30. Rb8 Ra1 31. Rb1 Ra2 32. Bb4 Qc2 33. Bxd6 Re8 34. Nb4 Qxd1
35. Rfxd1 Rc2 36. Rdc1 Rb2 37. Nc6 Ba6 38. Ba3 Ra2 39. Bc5 d2 40. Rd1 Bc3 41.
d6 Bc8 42. Nd5 1-0

[Event "VL 2016/17"]
[Site "Mecklenburg/Vorpommern"]
[Date "2016.11.20"]
[Round "3.6"]
[White "Streit, Bodo"]
[Black "Dombrowski, Frank"]
[Result "0-1"]
[WhiteElo "1766"]
[BlackElo "1988"]
[PlyCount "140"]
[EventType "team-tourn"]
[EventRounds "9"]
[SourceDate "2016.10.16"]
[WhiteTeam "Grevesmuehlen "]
[BlackTeam "Greifswalder SV II"]

1. b4 c6 2. e3 d5 3. Bb2 Nf6 4. Nf3 Bf5 5. Be2 e6 6. a3 Nbd7 7. c4 dxc4 8. Bxc4
b5 9. Be2 Qb6 10. Nd4 Be4 11. f3 Bxb1 12. Qxb1 a6 13. Nb3 Be7 14. Bd4 Qc7 15.
Qc2 Rc8 16. Rc1 e5 17. Bc5 Nxc5 18. Nxc5 Bxc5 19. Qxc5 Nd7 20. Qc2 c5 21. f4
O-O 22. fxe5 Qxe5 23. O-O c4 24. Bg4 Qd6 25. Rf4 Rcd8 26. Rd4 Qe7 27. Rf1 Nf6
28. Rxd8 Rxd8 29. Bf3 Qd7 30. Rd1 Qd3 31. Qc3 Qxc3 32. dxc3 Rxd1+ 33. Bxd1 Ne4
34. Bc2 Nxc3 35. Kf2 Nd5 36. Be4 Nc7 37. Bb7 Kf8 38. Kf3 Ke7 39. Ke4 Kd7 40.
Ke5 f6+ 41. Kd4 Kd6 42. Bc8 g6 43. Bb7 Ne6+ 44. Kc3 Nc7 45. Kd4 f5 46. Bc8 Kc6
47. g4 fxg4 48. Bxg4 Kd6 49. Bc8 g5 50. Bf5 Ne6+ 51. Ke4 h6 52. Bg4 Nc7 53. Bc8
Kc6 54. Kd4 Kd6 55. Bb7 Ne6+ 56. Ke4 Nc7 57. Bc8 h5 58. h3 Kc6 59. Kd4 Kd6 60.
Ke4 c3 61. Kd3 Ke5 62. Kxc3 Ke4 63. Kd2 Kf3 64. Kd3 g4 65. hxg4 hxg4 66. Kd4 g3
67. Kc5 Kxe3 68. Bb7 Ne6+ 69. Kb6 Nd4 70. Bg2 Nc2 0-1

[Event "VL 2016/17"]
[Site "Mecklenburg/Vorpommern"]
[Date "2016.11.20"]
[Round "3.7"]
[White "Troyke, Jannis"]
[Black "Haase, Sebastian"]
[Result "1/2-1/2"]
[WhiteElo "1710"]
[BlackElo "1726"]
[PlyCount "95"]
[EventType "team-tourn"]
[EventRounds "9"]
[SourceDate "2016.10.16"]
[WhiteTeam "Greifswalder SV II"]
[BlackTeam "Grevesmuehlen "]

1. e4 c5 2. Nf3 e6 3. d4 cxd4 4. Nxd4 a6 5. Bd3 Bc5 6. Be3 Qb6 7. Bc4 Ne7 8.
O-O e5 9. Nf5 Nxf5 10. exf5 Bxe3 11. fxe3 Qxe3+ 12. Kh1 Qc5 13. Nd2 d5 14. Bb3
Nc6 15. Nf3 d4 16. Ng5 Nd8 17. Qh5 Qe7 18. Rae1 h6 19. Ne4 Bxf5 20. Qxf5 O-O
21. Rf3 Nc6 22. Rg3 Kh8 23. Qg4 f5 24. Qe2 fxe4 25. Qxe4 Rf4 26. Qxf4 exf4 27.
Rxe7 Nxe7 28. Rd3 Nc6 29. Bd5 Rd8 30. Bxc6 bxc6 31. c3 c5 32. Kg1 g5 33. Kf2 g4
34. Rd1 Kg7 35. c4 Re8 36. h3 h5 37. b4 cxb4 38. Rxd4 Re5 39. Rxf4 gxh3 40.
gxh3 a5 41. Rf3 Rc5 42. Rf4 a4 43. Ke3 Kg6 44. h4 Re5+ 45. Kd3 Re1 46. Rf2 Rh1
47. Rb2 Rh3+ 48. Kd4 1/2-1/2

[Event "VL 2016/17"]
[Site "Mecklenburg/Vorpommern"]
[Date "2016.11.20"]
[Round "3.8"]
[White "Barth, Richard"]
[Black "Malchau, Jochen"]
[Result "0-1"]
[WhiteElo "1345"]
[BlackElo "1667"]
[PlyCount "102"]
[EventType "team-tourn"]
[EventRounds "9"]
[SourceDate "2016.10.16"]
[WhiteTeam "Grevesmuehlen "]
[BlackTeam "Greifswalder SV II"]

1. Nf3 d5 2. c4 c6 3. e3 Nf6 4. Nc3 Bg4 5. cxd5 Bxf3 6. gxf3 cxd5 7. Qb3 Qd7 8.
Bb5 Nc6 9. Bxc6 bxc6 10. d4 e6 11. a3 c5 12. Qb5 cxd4 13. Qxd7+ Kxd7 14. exd4
g6 15. Bf4 Nh5 16. Bg3 Bg7 17. Rd1 Rhe8 18. O-O Nxg3 19. fxg3 Rec8 20. Rd3 Rc4
21. Rfd1 Rac8 22. Kg2 a6 23. f4 h5 24. Kh3 Bf8 25. Kg2 Bxa3 26. bxa3 Rxc3 27.
Kf3 Rxd3+ 28. Rxd3 Rc4 29. Ke3 Kc6 30. Rb3 Rc2 31. h4 a5 32. Kd3 Rg2 33. Rc3+
Kb5 34. Rc5+ Ka4 35. Rc3 Rxg3+ 36. Kc2 Rg4 37. f5 Rxd4 38. fxe6 fxe6 39. Rg3
Rg4 40. Re3 Rxh4 41. Rxe6 Rh2+ 42. Kd3 g5 43. Re5 g4 44. Rxd5 g3 45. Rg5 h4 46.
Ke3 g2 47. Kf2 h3 48. Rg3 Rh1 49. Rg4+ Kxa3 50. Rg3+ Kb2 51. Rg5 g1=Q+ 0-1

[Event "VL 2016/17"]
[Site "Mecklenburg/Vorpommern"]
[Date "2016.11.20"]
[Round "3.1"]
[White "Jeske, Holger"]
[Black "Ruesch, Hans Joachim"]
[Result "0-1"]
[WhiteElo "1852"]
[BlackElo "1962"]
[PlyCount "70"]
[EventType "team-tourn"]
[EventRounds "9"]
[SourceDate "2016.10.16"]
[WhiteTeam "SSC Rostock II"]
[BlackTeam "SF Ostsee Warnemünde"]

1. d4 g6 2. c4 Bg7 3. Nc3 d6 4. e4 Nf6 5. f3 O-O 6. Be3 Nc6 7. Qd2 a6 8. Nge2
Rb8 9. g4 b5 10. cxb5 axb5 11. Ng3 b4 12. Nd1 e5 13. d5 Nd4 14. Bxd4 exd4 15.
Nf2 Re8 16. Be2 Nd7 17. h4 c5 18. f4 Nb6 19. Rc1 f5 20. gxf5 gxf5 21. Kf1 Kh8
22. Bb5 Nxd5 23. exd5 Rxb5 24. Qd3 c4 25. Rxc4 Rxd5 26. Rxc8 Qxc8 27. Nd1 Qc1
28. Qf3 Rc5 29. Kg2 Rc7 30. Kh3 Qc5 31. Qh5 Rf8 32. Re1 Qd5 33. b3 Ra7 34. Qg5
Rxa2 35. Nh5 Qf3+ 0-1

[Event "VL 2016/17"]
[Site "Mecklenburg/Vorpommern"]
[Date "2016.11.20"]
[Round "3.2"]
[White "Schumacher, Dirk"]
[Black "Moritz, Hartmut"]
[Result "1-0"]
[WhiteElo "1971"]
[BlackElo "1844"]
[PlyCount "42"]
[EventType "team-tourn"]
[EventRounds "9"]
[SourceDate "2016.10.16"]
[WhiteTeam "SF Ostsee Warnemünde"]
[BlackTeam "SSC Rostock II"]

1. e4 e6 2. c4 d5 3. exd5 exd5 4. cxd5 Qxd5 5. Nc3 Qe6+ 6. Be2 Nf6 7. Nf3 Bd6
8. O-O O-O 9. Re1 c6 10. d4 h6 11. Bd3 Qd7 12. Bc2 Na6 13. a3 Re8 14. Be3 Nc7
15. Qd2 Qg4 16. Ne5 Qh5 17. Bf4 Bf5 18. Bd1 Ng4 19. h3 Bxe5 20. Rxe5 Rxe5 21.
Bxe5 Rd8 1-0